[Event "SB-2022-0-00635"]
[Site "LSS email"]
[Date "2022.05.26"]
[Round "?"]
[White "Schubert, Steffen"]
[Black "Wernitz, Helmut"]
[Result "1-0"]
[WhiteElo "1843"]
[BlackElo "1908"]
[PlyCount "77"]
[EventDate "2022.02.19"]
[EventType "tourn (corr)"]
[EventRounds "6"]
[EventCountry "GER"]
[SourceTitle "Corr 2024"]
[Source "ChessBase"]
[SourceDate "2023.10.19"]
[SourceVersion "1"]
[SourceVersionDate "2023.10.19"]
[SourceQuality "1"]

1. e4 c6 2. d4 d5 3. e5 Bf5 4. Nf3 e6 5. Be2 Ne7 6. c3 Ng6 7. 0-0 Nd7 8. Ne1 h5 9. a4 c5 10. Na3 h4 11. Nac2 Ne7 12. a5 Nc6 13. b4 cxb4 14. cxb4 a6 15. h3 g6 16. Bd2 f6 17. exf6 Qxf6 18. b5 axb5 19. Bxb5 Qd8 20. a6 Qb6 21. Rb1 Rxa6 22. Bxa6 Qxa6 23. Nf3 Bg7 24. Re1 0-0 25. Nb4 Qa7 26. Ra1 Qb6 27. Nxc6 bxc6 28. Be3 Bf6 29. Ra4 Rb8 30. Qa1 c5 31. dxc5 Bxa1 32. cxb6 Bf6 33. Ra7 Nxb6 34. Bd4 Bxd4 35. Nxd4 Nc4 36. Nxf5 exf5 37. Rd7 Nb6 38. Rd6 Kf7 39. Rc1 1-0

[Event "LSS No Engine Cup 226 Preliminary 0"]
[Site "LSS email"]
[Date "2022.03.27"]
[Round "?"]
[White "Ramponelli, Roberto"]
[Black "Wernitz, Helmut"]
[Result "1/2-1/2"]
[WhiteElo "1584"]
[BlackElo "1595"]
[PlyCount "56"]
[EventDate "2022.03.27"]
[EventType "tourn (corr)"]
[EventRounds "6"]
[EventCountry "GER"]
[SourceTitle "Corr 2024"]
[Source "ChessBase"]
[SourceDate "2023.10.19"]
[SourceVersion "1"]
[SourceVersionDate "2023.10.19"]
[SourceQuality "1"]

1. d4 Nf6 2. c4 e6 3. Nc3 Bb4 4. a3 Bxc3+ 5. bxc3 c5 6. f3 d5 7. cxd5 Nxd5 8. Qd3 b6 9. e4 Ba6 10. c4 Ne7 11. d5 exd5 12. exd5 0-0 13. Bb2 Nc8 14. Qc3 Re8+ 15. Kf2 Qh4+ 16. g3 Qd4+ 17. Qxd4 cxd4 18. Bxd4 Nd6 19. Rc1 Nd7 20. Nh3 Rac8 21. Nf4 Bxc4 22. Bh3 f5 23. Rhe1 Rxe1 24. Rxe1 Bb5 25. Re7 Rc2+ 26. Ke3 Nc4+ 27. Kd3 Nxa3+ 28. Ke3 Nc4+ 1/2-1/2

[Event "SB-2022-0-00632"]
[Site "LSS email"]
[Date "2022.03.01"]
[Round "?"]
[White "D'Emilia, Jack"]
[Black "Wernitz, Helmut"]
[Result "1-0"]
[WhiteElo "1908"]
[BlackElo "1920"]
[PlyCount "95"]
[EventDate "2022.01.11"]
[EventType "tourn (corr)"]
[EventRounds "6"]
[EventCountry "GER"]
[SourceTitle "Corr 2024"]
[Source "ChessBase"]
[SourceDate "2023.10.19"]
[SourceVersion "1"]
[SourceVersionDate "2023.10.19"]
[SourceQuality "1"]

1. e4 e6 2. Nf3 d5 3. e5 Ne7 4. c3 c5 5. d4 Nec6 6. Be3 b6 7. Nbd2 Be7 8. h4 a5 9. a3 Ra7 10. Rh3 0-0 11. Bd3 f5 12. exf6 Rxf6 13. Ne5 Ba6 14. Bc2 Bd6 15. Ndf3 Qe8 16. h5 Bxe5 17. dxe5 Rf8 18. Qd2 Nd7 19. Bf4 d4 20. Be4 Rc7 21. 0-0-0 a4 22. Kb1 Na5 23. Qc2 d3 24. Qc1 c4 25. Bg6 hxg6 26. h6 Nb3 27. Qe3 d2 28. hxg7 Kxg7 29. Ng5 Rh8 30. Rxh8 Qxh8 31. Nxe6+ Kg8 32. Nxc7 Qh5 33. f3 Qf5+ 34. Qe4 Qxe4+ 35. fxe4 Bb7 36. Nd5 Kf7 37. Kc2 Ndc5 38. Rh1 Ke6 39. Nc7+ Kf7 40. Nd5 Ke6 41. Rh7 Bxd5 42. exd5+ Kxd5 43. Rg7 Ne6 44. Rd7+ Ke4 45. Bh2 g5 46. Rd6 Nbc5 47. Kxd2 b5 48. Rb6 1-0

[Event "SB-2022-0-00632"]
[Site "LSS email"]
[Date "2022.02.27"]
[Round "?"]
[White "Schubert, Steffen"]
[Black "Wernitz, Helmut"]
[Result "1-0"]
[WhiteElo "1827"]
[BlackElo "1920"]
[PlyCount "55"]
[EventDate "2022.01.11"]
[EventType "tourn (corr)"]
[EventRounds "6"]
[EventCountry "GER"]
[SourceTitle "Corr 2024"]
[Source "ChessBase"]
[SourceDate "2023.10.19"]
[SourceVersion "1"]
[SourceVersionDate "2023.10.19"]
[SourceQuality "1"]

1. e4 e6 2. d4 c5 3. d5 exd5 4. exd5 d6 5. Nf3 Nf6 6. c4 Be7 7. Nc3 0-0 8. h3 Na6 9. Bd3 Rb8 10. 0-0 Nc7 11. a4 b6 12. Re1 a6 13. Bc2 Re8 14. Bg5 h6 15. Bh4 Nh7 16. Bg3 f5 17. Qb1 g6 18. h4 Nf6 19. Ne2 Nh5 20. Nf4 Nxf4 21. Bxf4 Bf8 22. Ra3 Rb7 23. Rae3 Rxe3 24. Bxe3 b5 25. Qc1 Kh7 26. h5 bxc4 27. hxg6+ Kg7 28. Bxh6+ 1-0

[Event "LSS No Engine Cup 224 Preliminary 0"]
[Site "LSS email"]
[Date "2022.01.08"]
[Round "?"]
[White "Sheers, Matthew"]
[Black "Wernitz, Helmut"]
[Result "1-0"]
[WhiteElo "2276"]
[BlackElo "1573"]
[PlyCount "53"]
[EventDate "2022.01.08"]
[EventType "tourn (corr)"]
[EventRounds "6"]
[EventCountry "GER"]
[SourceTitle "Corr 2024"]
[Source "ChessBase"]
[SourceDate "2023.10.19"]
[SourceVersion "1"]
[SourceVersionDate "2023.10.19"]
[SourceQuality "1"]

1. d4 Nf6 2. Nf3 g6 3. c4 Bg7 4. Nc3 0-0 5. e4 d6 6. Be2 c5 7. 0-0 Re8 8. d5 e6 9. h3 exd5 10. exd5 Bf5 11. Nh4 Bd7 12. Nf3 Bf5 13. Bd3 Ne4 14. Bxe4 Bxe4 15. Nxe4 Rxe4 16. Qd3 Re8 17. Bf4 Na6 18. Rab1 Qd7 19. b3 Nb4 20. Qd2 a5 21. Rbe1 Red8 22. a4 Qf5 23. Re7 Rab8 24. Ng5 Bf6 25. Nxf7 Qd3 26. Qe1 Kf8 27. Bh6+ 1-0

[Event "LSS No Engine Cup 224 Preliminary 0"]
[Site "LSS email"]
[Date "2022.01.08"]
[Round "?"]
[White "Wernitz, Helmut"]
[Black "Wilshusen, Horst"]
[Result "1-0"]
[WhiteElo "1573"]
[BlackElo "1417"]
[PlyCount "55"]
[EventDate "2022.01.08"]
[EventType "tourn (corr)"]
[EventRounds "6"]
[EventCountry "GER"]
[SourceTitle "Corr 2024"]
[Source "ChessBase"]
[SourceDate "2023.10.19"]
[SourceVersion "1"]
[SourceVersionDate "2023.10.19"]
[SourceQuality "1"]

1. e4 e5 2. f4 exf4 3. Nf3 h6 4. d4 g5 5. Nc3 Bg7 6. g3 fxg3 7. hxg3 d6 8. Be3 Ne7 9. Qd2 Ng6 10. 0-0-0 c6 11. Bc4 Qe7 12. Rdf1 Rf8 13. Rf2 b5 14. Bb3 a5 15. a4 Bd7 16. Kb1 Na6 17. axb5 cxb5 18. Nd5 Qd8 19. e5 dxe5 20. Nxe5 Nxe5 21. dxe5 Bc6 22. Bb6 Qd7 23. Bxa5 Rh8 24. Rhf1 Rf8 25. Nb6 Qxd2 26. Rxd2 Ra7 27. Nc8 Rd7 28. Nd6+ 1-0

[Event "RB-2021-0-00410"]
[Site "LSS email"]
[Date "2021.12.06"]
[Round "?"]
[White "Wernitz, Helmut"]
[Black "Oliger, Mark"]
[Result "0-1"]
[WhiteElo "1956"]
[BlackElo "1974"]
[PlyCount "40"]
[EventDate "2021.08.24"]
[EventType "tourn (corr)"]
[EventRounds "6"]
[EventCountry "GER"]
[SourceTitle "Corr 2024"]
[Source "ChessBase"]
[SourceDate "2023.10.19"]
[SourceVersion "1"]
[SourceVersionDate "2023.10.19"]
[SourceQuality "1"]

1. Nf3 Nf6 2. c4 b6 3. g3 c5 4. Bg2 Bb7 5. 0-0 g6 6. Nc3 Bg7 7. d4 cxd4 8. Qxd4 d6 9. Rd1 Nbd7 10. Be3 Rc8 11. Rac1 0-0 12. Qh4 a6 13. b3 Re8 14. Bh3 Ba8 15. g4 Nf8 16. g5 N6d7 17. Nd4 e6 18. Bg2 Bxg2 19. Kxg2 h5 20. gxh6 Qxh4 0-1

[Event "LSS No Engine Cup 221 Preliminary 0"]
[Site "LSS email"]
[Date "2021.09.14"]
[Round "?"]
[White "Wernitz, Helmut"]
[Black "Harding, Tim"]
[Result "1/2-1/2"]
[WhiteElo "1563"]
[BlackElo "1831"]
[PlyCount "111"]
[EventDate "2021.09.14"]
[EventType "tourn (corr)"]
[EventRounds "6"]
[EventCountry "GER"]
[SourceTitle "Corr 2024"]
[Source "ChessBase"]
[SourceDate "2023.10.19"]
[SourceVersion "1"]
[SourceVersionDate "2023.10.19"]
[SourceQuality "1"]

1. e4 c6 2. d4 d5 3. e5 Bf5 4. h4 h5 5. Bd3 Bxd3 6. Qxd3 Qa5+ 7. Nd2 e6 8. Ne2 Qa6 9. c4 Ne7 10. b3 Nf5 11. Ng3 g6 12. Nxf5 gxf5 13. Nf3 Bb4+ 14. Ke2 Be7 15. Bf4 Nd7 16. Ng5 Nf8 17. Rhe1 Ng6 18. g3 Rd8 19. c5 Qxd3+ 20. Kxd3 Rb8 21. Bd2 Bd8 22. b4 Bxg5 23. Bxg5 Kd7 24. a4 Ra8 25. Bd2 Rhg8 26. b5 f4 27. Reb1 fxg3 28. fxg3 Ne7 29. Bg5 Rab8 30. Rg1 Rh8 31. g4 hxg4 32. Bxe7 Kxe7 33. Rxg4 Rbg8 34. Rag1 Rxg4 35. Rxg4 a6 36. b6 Kf8 37. Ke3 Rh5 38. Rf4 Kg7 39. Kf3 Rh6 40. Rg4+ Kf8 41. Kf4 Rh5 42. Kg3 Rf5 43. Rf4 Rh5 44. Kg4 Rh8 45. h5 Rg8+ 46. Kh4 Rg1 47. Rf3 Rd1 48. Rf4 Rg1 49. h6 Rh1+ 50. Kg5 Rg1+ 51. Rg4 Rh1 52. Rh4 Rg1+ 53. Kh5 a5 54. Rg4 Rh1+ 55. Kg5 Rh2 56. Rh4 1/2-1/2

[Event "LSS No Engine Cup 221 Preliminary 0"]
[Site "LSS email"]
[Date "2021.09.14"]
[Round "?"]
[White "Wernitz, Helmut"]
[Black "Hoehne, Volkmar"]
[Result "0-1"]
[WhiteElo "1563"]
[BlackElo "2127"]
[PlyCount "98"]
[EventDate "2021.09.14"]
[EventType "tourn (corr)"]
[EventRounds "6"]
[EventCountry "GER"]
[SourceTitle "Corr 2024"]
[Source "ChessBase"]
[SourceDate "2023.10.19"]
[SourceVersion "1"]
[SourceVersionDate "2023.10.19"]
[SourceQuality "1"]

1. e4 e5 2. Nf3 Nc6 3. Bc4 Nf6 4. d3 Bc5 5. c3 d6 6. Bb3 a6 7. 0-0 Ba7 8. Re1 h6 9. Nbd2 0-0 10. Nf1 Re8 11. h3 Be6 12. Bc2 d5 13. exd5 Bxd5 14. Ng3 Qd7 15. Be3 Bxe3 16. Rxe3 Rad8 17. Qe2 Bxf3 18. Qxf3 Qd5 19. Ne4 Nxe4 20. Rxe4 Qd7 21. Rae1 Re6 22. d4 exd4 23. Rxe6 fxe6 24. Qd3 Kf8 25. Qg6 d3 26. Bd1 Ne7 27. Qxe6 Qxe6 28. Rxe6 Nd5 29. Kf1 Kf7 30. Re4 c5 31. Bb3 Kf6 32. Ke1 b5 33. c4 Kf5 34. Rg4 Nf6 35. Rxg7 Ne4 36. Rf7+ Ke5 37. Re7+ Kd4 38. cxb5 axb5 39. f3 Nd6 40. Be6 c4 41. a3 c3 42. bxc3+ Kxc3 43. Rc7+ Nc4 44. Bf7 d2+ 45. Kd1 Ra8 46. Bxc4 bxc4 47. Rd7 Rb8 48. Rxd2 Rb1+ 49. Ke2 Rb2 0-1

[Event "LSS No Engine Cup 220 Preliminary 0"]
[Site "LSS email"]
[Date "2021.08.26"]
[Round "?"]
[White "Wernitz, Helmut"]
[Black "PVlV, Leg"]
[Result "1-0"]
[WhiteElo "1561"]
[BlackElo "1600"]
[PlyCount "83"]
[EventDate "2021.08.26"]
[EventType "tourn (corr)"]
[EventRounds "6"]
[EventCountry "GER"]
[SourceTitle "Corr 2024"]
[Source "ChessBase"]
[SourceDate "2023.10.19"]
[SourceVersion "1"]
[SourceVersionDate "2023.10.19"]
[SourceQuality "1"]

1. e4 e5 2. Nf3 Nc6 3. Bc4 Nf6 4. d3 d6 5. Ng5 d5 6. exd5 Na5 7. Bb5+ c6 8. dxc6 bxc6 9. Ba4 Bc5 10. c3 h6 11. Nf3 Qb6 12. 0-0 Ng4 13. Qe2 Bd6 14. h3 Nf6 15. Nxe5 0-0 16. b4 Bxe5 17. Qxe5 Nb7 18. Bxh6 gxh6 19. Qxf6 c5 20. Qxb6 axb6 21. Bc6 cxb4 22. cxb4 Rb8 23. Nc3 Bf5 24. Ne4 Rfd8 25. g4 Bg6 26. Rfd1 Nd6 27. Nf6+ Kg7 28. Nd7 Rbc8 29. b5 Ne8 30. Nxb6 Rc7 31. d4 f5 32. d5 Nf6 33. f3 fxg4 34. hxg4 h5 35. g5 Nh7 36. f4 Rf7 37. Rd4 Rf5 38. d6 Nxg5 39. fxg5 Rxg5+ 40. Kh1 Rf8 41. d7 Be4+ 42. Rxe4 1-0

[Event "SB-2021-0-00619"]
[Site "LSS email"]
[Date "2021.08.02"]
[Round "?"]
[White "Oliger, Mark"]
[Black "Wernitz, Helmut"]
[Result "1/2-1/2"]
[WhiteElo "1956"]
[BlackElo "1965"]
[PlyCount "88"]
[EventDate "2021.06.11"]
[EventType "tourn (corr)"]
[EventRounds "6"]
[EventCountry "GER"]
[SourceTitle "Corr 2024"]
[Source "ChessBase"]
[SourceDate "2023.10.19"]
[SourceVersion "1"]
[SourceVersionDate "2023.10.19"]
[SourceQuality "1"]

1. d4 d5 2. Nf3 Nf6 3. c4 c6 4. e3 Bg4 5. Qb3 Qb6 6. Nc3 e6 7. Nh4 Be7 8. h3 Bh5 9. g4 Bg6 10. Nxg6 hxg6 11. g5 Ne4 12. Nxe4 dxe4 13. Rg1 Qxb3 14. axb3 Rh5 15. Rg4 Nd7 16. Rxe4 Bxg5 17. Bg2 Ke7 18. d5 Nc5 19. dxc6 bxc6 20. b4 Nxe4 21. Bxe4 Rb8 22. b3 Kf8 23. Bd2 Be7 24. Ra4 Rc8 25. Rxa7 f5 26. Bg2 e5 27. b5 cxb5 28. cxb5 e4 29. Bf1 g5 30. Bc4 Rxh3 31. b6 Rb8 32. Rc7 Bd6 33. Ba5 f4 34. Rd7 Bc5 35. b7 fxe3 36. fxe3 Rxe3+ 37. Kd1 Rg3 38. b4 Rg1+ 39. Ke2 Rg2+ 40. Kd1 Rg1+ 41. Kc2 Be3 42. Kb3 Rb1+ 43. Ka4 Rc1 44. Kb3 Rb1+ 1/2-1/2

[Event "SB-2021-0-00618"]
[Site "LSS email"]
[Date "2021.07.23"]
[Round "?"]
[White "Martin, Simone"]
[Black "Wernitz, Helmut"]
[Result "1/2-1/2"]
[WhiteElo "1816"]
[BlackElo "1965"]
[PlyCount "125"]
[EventDate "2021.05.23"]
[EventType "tourn (corr)"]
[EventRounds "6"]
[EventCountry "GER"]
[SourceTitle "Corr 2024"]
[Source "ChessBase"]
[SourceDate "2023.10.19"]
[SourceVersion "1"]
[SourceVersionDate "2023.10.19"]
[SourceQuality "1"]

1. e4 Nc6 2. Nf3 d6 3. d4 Nf6 4. Nc3 g6 5. d5 Nb8 6. h3 c6 7. a4 Bg7 8. Bc4 0-0 9. 0-0 b6 10. Qe2 Bb7 11. Bg5 Nbd7 12. Rfe1 h6 13. Bf4 Rc8 14. Rad1 Qc7 15. Ba2 cxd5 16. exd5 Rfe8 17. Rd4 Nc5 18. Qd2 Kh7 19. Be3 e5 20. Rh4 h5 21. g4 Qd7 22. a5 e4 23. Ng5+ Kg8 24. b4 Na4 25. Nxa4 Qxa4 26. Bb3 Qd7 27. gxh5 Nxh5 28. Bd4 e3 29. Rxe3 Rxe3 30. Bxe3 bxa5 31. c4 a4 32. Bd1 a3 33. Bxh5 gxh5 34. Rf4 f5 35. Ne6 Qf7 36. Rf3 h4 37. Bd4 Qg6+ 38. Kh2 Bh6 39. Be3 Re8 40. Bxh6 Rxe6 41. Bg5 a2 42. Ra3 f4 43. Bxh4 f3 44. Qg5 Qxg5 45. Bxg5 Re2 46. Kg3 Rc2 47. h4 Rxc4 48. Rxa2 a6 49. Rb2 Rd4 50. b5 axb5 51. Rxb5 Bxd5 52. Be3 Rd1 53. h5 Be4 54. Kf4 d5 55. Rb7 Rh1 56. Kg5 Rg1+ 57. Kf6 d4 58. Rb8+ Kh7 59. Bxd4 Rg7 60. Rc8 Bb1 61. Be3 Be4 62. Re8 Bc6 63. Re5 1/2-1/2

[Event "LSS SA-2021-0-00755"]
[Site "LSS email"]
[Date "2021.04.13"]
[Round "?"]
[White "Wernitz, Helmut"]
[Black "Pilgram, Kurt"]
[Result "0-1"]
[WhiteElo "1957"]
[BlackElo "2155"]
[PlyCount "104"]
[EventDate "2021.03.02"]
[EventType "tourn (corr)"]
[EventRounds "6"]
[EventCountry "GER"]
[SourceTitle "Corr 2024"]
[Source "ChessBase"]
[SourceDate "2023.10.19"]
[SourceVersion "1"]
[SourceVersionDate "2023.10.19"]
[SourceQuality "1"]

1. e4 c5 2. Nf3 d6 3. d4 cxd4 4. Nxd4 Nf6 5. Nc3 a6 6. Bg5 e6 7. f4 h6 8. Bh4 Be7 9. Qf3 Nbd7 10. 0-0-0 Qc7 11. Be2 0-0 12. g4 b5 13. g5 Nh7 14. gxh6 Bxh4 15. Qg4 g5 16. Nf3 b4 17. Na4 Bb7 18. fxg5 Bc6 19. Kb1 Bxa4 20. Rd2 Kh8 21. Qxh4 Rg8 22. Rg1 Rac8 23. Bd3 Nc5 24. Qf2 Nxd3 25. cxd3 f6 26. h4 e5 27. Qf1 Be8 28. Rdg2 Bh5 29. Nd2 fxg5 30. hxg5 Rgf8 31. Qe1 Bg6 32. Ka1 Qc5 33. Nb3 Qb6 34. Nd2 a5 35. Nc4 Qd4 36. Ne3 a4 37. Nd5 Rf7 38. Qe3 b3 39. Re1 Nf8 40. Qxd4 exd4 41. Rgg1 Nd7 42. Rc1 Rcf8 43. Rgd1 Rf2 44. Rc7 Ne5 45. Nb4 Rg2 46. Ra7 Rgf2 47. Rc7 Rd2 48. Rcc1 Rg2 49. Rg1 Rxg1 50. Rxg1 Rf2 51. axb3 axb3 52. Rc1 Kh7 0-1

[Event "RA-2021-0-00677"]
[Site "LSS email"]
[Date "2021.02.28"]
[Round "?"]
[White "Van Bommel, Ton"]
[Black "Wernitz, Helmut"]
[Result "1/2-1/2"]
[WhiteElo "2149"]
[BlackElo "1960"]
[PlyCount "82"]
[EventDate "2020.11.11"]
[EventType "tourn (corr)"]
[EventRounds "6"]
[EventCountry "GER"]
[SourceTitle "Corr 2024"]
[Source "ChessBase"]
[SourceDate "2023.10.19"]
[SourceVersion "1"]
[SourceVersionDate "2023.10.19"]
[SourceQuality "1"]

1. e4 c5 2. Nf3 e6 3. d4 cxd4 4. Nxd4 Nc6 5. Nc3 Qc7 6. Be3 a6 7. Qd2 Nf6 8. 0-0-0 Be7 9. f3 b5 10. g4 Nxd4 11. Bxd4 Bb7 12. Kb1 0-0 13. Qf2 b4 14. Na4 d6 15. Nb6 Rad8 16. g5 Nh5 17. h4 a5 18. Bc4 Bc6 19. Rhe1 Rb8 20. f4 e5 21. fxe5 dxe5 22. Be3 Nf4 23. Bb3 Kh8 24. Nc4 a4 25. Nxe5 axb3 26. Bxf4 Ra8 27. cxb3 Qa5 28. Nxc6 Qxa2+ 29. Kc1 Qxb3 30. Qc2 Qxc2+ 31. Kxc2 Rfc8 32. Rd7 Rxc6+ 33. Kd3 Re8 34. e5 Re6 35. h5 f6 36. gxf6 gxf6 37. Kc4 fxe5 38. Bxe5+ Kg8 39. Rb7 h6 40. Rg1+ Bg5 41. Bd4 Re4 1/2-1/2

[Event "SB-2021-0-00609"]
[Site "LSS email"]
[Date "2021.02.16"]
[Round "?"]
[White "Wernitz, Helmut"]
[Black "Wittal, Werner"]
[Result "1/2-1/2"]
[WhiteElo "1961"]
[BlackElo "1933"]
[PlyCount "161"]
[EventDate "2021.01.10"]
[EventType "tourn (corr)"]
[EventRounds "6"]
[EventCountry "GER"]
[SourceTitle "Corr 2024"]
[Source "ChessBase"]
[SourceDate "2023.10.19"]
[SourceVersion "1"]
[SourceVersionDate "2023.10.19"]
[SourceQuality "1"]

1. e4 e5 2. Nf3 Nc6 3. Bc4 Bc5 4. c3 Nf6 5. d3 a6 6. Bb3 0-0 7. 0-0 Ba7 8. Re1 h6 9. h3 d6 10. Nbd2 Nh5 11. Nf1 Qf6 12. Be3 Bxe3 13. fxe3 Qe7 14. d4 Nf6 15. Bc2 b6 16. Ng3 g6 17. Re2 Bb7 18. Rf2 Nb8 19. Qe2 Nbd7 20. c4 Rab8 21. Raf1 Rbe8 22. Qd2 a5 23. b3 Rc8 24. Qd3 c6 25. Rd1 Rfe8 26. Qd2 Ba6 27. Bd3 Bb7 28. Rdf1 Ra8 29. Nh2 Rf8 30. Ne2 Kg7 31. Nf3 Ba6 32. Qb2 Rae8 33. a3 Kg8 34. Nc3 Bb7 35. Nh2 c5 36. dxc5 bxc5 37. Qd2 Ra8 38. Bc2 Ne8 39. Rd1 Nb6 40. Qd3 a4 41. bxa4 Bc6 42. Rdf1 Nxa4 43. Ng4 Kg7 44. Bxa4 Bxa4 45. Nf6 Bc6 46. a4 Bxa4 47. Ncd5 Qa7 48. Qe2 Nxf6 49. Rxf6 Qb8 50. Qf3 Ra7 51. h4 Bc6 52. h5 g5 53. Rxh6 Kxh6 54. Qf6+ Kh7 55. Qf5+ Kh6 56. Nf6 Rh8 57. Ng4+ Kg7 58. Qf6+ Kg8 59. h6 Rh7 60. Qxg5+ Kh8 61. Qf6+ Kg8 62. Rd1 Rd7 63. Qg5+ Kh8 64. Nf6 Qf8 65. Nxd7 Bxd7 66. Qf6+ Kg8 67. Rxd6 Qe8 68. Rd5 Kf8 69. Qd6+ Qe7 70. Qxd7 Qxd7 71. Rxd7 Rxh6 72. Rd5 f6 73. g3 Ke7 74. Kg2 Rh8 75. Rxc5 Kd6 76. Ra5 Rh6 77. Kf2 Rg6 78. Kf3 Kc6 79. Ra7 Kd6 80. Kg2 Kc5 81. Rc7+ 1/2-1/2

[Event "LSS No Engine Cup 212 Preliminary 0"]
[Site "LSS email"]
[Date "2021.01.05"]
[Round "?"]
[White "Wernitz, Helmut"]
[Black "Louro, Eugenio Diogo"]
[Result "0-1"]
[WhiteElo "1591"]
[BlackElo "2009"]
[PlyCount "36"]
[EventDate "2021.01.05"]
[EventType "tourn (corr)"]
[EventRounds "6"]
[EventCountry "GER"]
[SourceTitle "Corr 2022"]
[Source "ChessBase"]
[SourceDate "2021.10.24"]
[SourceVersion "1"]
[SourceVersionDate "2021.10.24"]
[SourceQuality "1"]

1. e4 e5 2. Nc3 Nc6 3. Bc4 Nf6 4. d3 h6 5. f4 Bb4 6. Nf3 d5 7. exd5 Nxd5 8. 0-0 Nxc3 9. bxc3 Bxc3 10. Rb1 0-0 11. Ba3 Re8 12. Nxe5 Bxe5 13. fxe5 Nxe5 14. Qh5 Bg4 15. Bxf7+ Kh8 16. Bxe8 Bxh5 17. Bxh5 Qd5 18. Bb2 Nxd3 0-1